000 01036nac a22002651u 4500
010 _a 95043631
020 _a041511926X (hbk.)
020 _a0415119278 (pbk.)
082 0 0 _a327.101
_bCAS
090 _c9446
_d9446
100 _aCassels, Alan,
245 1 0 _aIdeology and international relations in the modern world /
_cAlan Cassels.
260 _aLondon ;
_aNew York :
_bRoutledge,1996
_c1996.
300 _axiii, 302 p. ;
_c24 cm.
440 4 _aThe new international history series
500 _adistributer: Al-Ahram
504 _aIncludes bibliographical references (p. 279-284) and index.
511 _acatalogued by: wessam
650 0 _aInternational relations
_xPhilosophy.
650 0 _aInternational relations
_xHistory.
650 0 _aIdeology.
856 4 2 _3Publisher description
_uhttp://www.loc.gov/catdir/enhancements/fy0649/95043631-d.html
942 _cBB
_k327.101CAS
999 _c9446
_d9446